000 00628nam a22001937a 4500
005 20251108170024.0
008 250721s1966 xx 000 0 ara d
082 1 4 _aق/أ
100 1 _aاليوت، جورج
245 1 0 _aأطفال روث و قصص أخرى /
264 1 _aالقاهرة :
_bدار الكرنك للنشر و الطبع و التوزيع،
_c1966.
300 _a189ص
490 0 _aسلسلة المكتبة القصصية ؛14
650 1 7 _aالأدب العربي
650 1 7 _aالأدب القصصي
700 1 _aعصام الدين، أحمد
_eترجمة
942 _2ddc
_cBK
999 _c37628
_d37628